00533nam a2200157Ia 4500008004100000020001400041041000800055082001600063100006100079245009100140250000600231260005100237300001100288650001500299700006100314210716s1970 xx 000 0 und d a030789702 aeng a155.9 PROH aProshansky, Harold M;Ittelson, William;Rivlin, Leanne G. aEnvironmental psychology: man and his physical setting.bMan and his phtsical setting. a1 aNew YorkbHolt, Rinehart and winston Incc1970 axi,690 aPsychology aIttelson, William;Proshansky, Harold M;Rivlin, Leanne G.